[Event "Chinese Chess League 2019"]
[Site "Shen Yang"]
[Date "2019.11.22"]
[Round "17.10"]
[White "Xiao, Yiyi"]
[Black "Zhao, Shengxin"]
[Result "1/2-1/2"]
[WhiteElo "2316"]
[BlackElo "2099"]
[Annotator "NA"]
[PlyCount "111"]
[EventDate "2019.04.09"]
[EventType "team-tourn"]
[EventCountry "CHN"]
[SourceTitle "playchess.com"]
[Source "ChessBase"]
[SourceQuality "1"]
[TimeControl "5400+30"]

1. d4 {[%emt 0:00:00]} Nf6 {[%emt 0:01:54]} 2. Bg5 {[%emt 0:00:29]} d5 {[%emt 0:01:39]} 3. e3 {[%emt 0:00:16]} Ne4 {[%emt 0:02:12]} 4. Bf4 {[%emt 0:00:06]} e6 {[%emt 0:01:06]} 5. Bd3 {[%emt 0:01:41]} c5 {[%emt 0:04:31]} 6. c3 {[%emt 0:09:47]} Nc6 {[%emt 0:03:36]} 7. Nd2 {[%emt 0:00:39]} Nxd2 {[%emt 0:00:47]} 8. Qxd2 {[%emt 0:00:08]} Bd6 {[%emt 0:00:10]} 9. Bg3 {[%emt 0:03:32]} O-O {[%emt 0:04:55]} 10. f4 {[%emt 0:02:08]} b6 {[%emt 0:12:49]} 11. Nf3 {[%emt 0:00:12]} a5 {[%emt 0:00:30]} 12. Qe2 {[%emt 0:08:27]} f5 {[%emt 0:01:56]} 13. O-O {[%emt 0:08:46]} a4 {[%emt 0:07:15]} 14. a3 {[%emt 0:00:48]} Bd7 {[%emt 0:04:53]} 15. Bh4 {[%emt 0:05:28]} Qe8 $11 {[%emt 0:01:35]} 16. Rae1 {[%emt 0:16:53]} c4 {[%emt 0:09:57]} 17. Bc2 {[%emt 0:01:46]} b5 {[%emt 0:03:58]} 18. h3 {[%emt 0:06:05]} Qh5 {[%emt 0:03:17]} 19. g3 {[%emt 0:02:16]} Ne7 {[%emt 0:02:44]} 20. Qg2 {[%emt 0:08:58]} Rae8 {[%emt 0:15:27]} 21. g4 {[%emt 0:00:39]} Qg6 {[%emt 0:00:07]} 22. Re2 {[%emt 0:07:12]} Kh8 {[%emt 0:00:51]} 23. Qh2 {[%emt 0:04:20]} Qf7 {[%emt 0:02:15]} 24. Ng5 {[%emt 0:02:55]} Qg8 {[%emt 0:00:26]} 25. Rg2 {[%emt 0:00:53]} Bc7 {[%emt 0:02:20]} 26. Nf3 {[%emt 0:02:42]} Ng6 {[%emt 0:02:34]} 27. Bg3 {[%emt 0:00:05]} Qf7 {[%emt 0:01:26]} 28. Kh1 {[%emt 0:02:11]} Qe7 {[%emt 0:00:47]} 29. h4 {[%emt 0:00:37]} fxg4 {[%emt 0:00:43]} 30. Ng5 {[%emt 0:00:02]} Rf6 {[%emt 0:00:19]} 31. Nxh7 {[%emt 0:00:23]} Kxh7 {[%emt 0:00:28]} 32. h5 {[%emt 0:00:02]} Rh8 {[%emt 0:00:22]} 33. Bh4 {[%emt 0:01:09]} Be8 {[%emt 0:03:51]} 34. Rxg4 {[%emt 0:00:32]} Kg8 {[%emt 0:01:56]} 35. Bxf6 {[%emt 0:03:26]} Qxf6 {[%emt 0:00:44]} 36. Bxg6 {[%emt 0:00:16]} Bxg6 {[%emt 0:00:27]} 37. Rxg6 {[%emt 0:00:05]} Qf5 {[%emt 0:00:07]} 38. Qg2 {[%emt 0:01:52]} Rxh5+ {[%emt 0:02:33]} 39. Kg1 {[%emt 0:00:01]} Rh7 {[%emt 0:00:46]} 40. Qg4 {[%emt 0:00:21]} Qd3 {[%emt 0:01:11]} 41. Qxe6+ {[%emt 0:00:06]} Kf8 {[%emt 0:00:02]} 42. Qc8+ {[%emt 0:00:30]} Kf7 {[%emt 0:00:03]} 43. Qe6+ {[%emt 0:00:05]} Kf8 {[%emt 0:00:03]} 44. Rg5 {[%emt 0:00:24]} Rh1+ {[%emt 0:00:14]} 45. Kxh1 {[%emt 0:00:07]} Qxf1+ {[%emt 0:00:02]} 46. Kh2 {[%emt 0:01:44]} Qe2+ {[%emt 0:00:10]} 47. Kh3 {[%emt 0:01:08]} Qf3+ {[%emt 0:00:25]} 48. Kh2 {[%emt 0:00:48]} Qe2+ {[%emt 0:00:13]} 49. Kg3 {[%emt 0:00:02]} Qe1+ {[%emt 0:00:13]} 50. Kg4 {[%emt 0:00:06]} Qe2+ {[%emt 0:00:06]} 51. Kf5 {[%emt 0:00:32]} Qd3+ {[%emt 0:00:06]} 52. Kg4 {[%emt 0:00:10]} Qe2+ {[%emt 0:00:11]} 53. Kh3 {[%emt 0:01:01]} Qf3+ {[%emt 0:00:11]} 54. Rg3 {[%emt 0:00:41]} Qh1+ {[%emt 0:03:05]} 55. Kg4 {[%emt 0:00:04]} Qd1+ {[%emt 0:00:20]} 56. Kg5 {[%emt 0:00:44]} 1/2-1/2

[Event "Chinese Chess League 2019"]
[Site "Shen Yang"]
[Date "2019.11.22"]
[Round "17.11"]
[White "Wang, Yiye"]
[Black "Jakovenko, Dmitry"]
[Result "0-1"]
[WhiteElo "2439"]
[BlackElo "2691"]
[Annotator "TA"]
[PlyCount "110"]
[EventDate "2019.04.09"]
[EventType "team-tourn"]
[EventCountry "CHN"]
[SourceTitle "playchess.com"]
[Source "ChessBase"]
[SourceQuality "1"]

{[%evp 12,110,0,0,0,0,28,23,12,0,27,26,37,-10,-11,-2,-2,-2,-7,-17,-23,-32,-20,-50,-12,-16,-14,-21,-23,-25,-25,-27,-26,-29,-25,-41,-43,-43,-37,-39,-37,-44,-44,-50,-40,-50,-43,-29,-25,-25,-26,-28,-24,-50,-49,-49,-49,-116,-115,-107,-108,-131,-123,-104,-98,-116,-116,-95,-100,-122,-118,-164,-165,-165,-165,-165,-165,-164,-138,-187,-187,-450,-450,-450,-443,-348,-249,-340,-347,-4779,-1462,-6341,-6341,-6341,-6341,-6300,-6131,-6124,-6104,-5423,-5073]} 1. c4 c5 2. Nf3 Nf6 3. Nc3 d5 4. cxd5 Nxd5 5. e4 Nb4 6. Bc4 Nd3+ 7. Ke2 Nf4+ {A34: Symmetrical English: 2 Nc3, lines with ...d5} 8. Kf1 Ne6 (8... Nd3 {keeps more tension.} 9. Ke2) 9. d3 (9. d4 cxd4 10. Bxe6 Bxe6 11. Nxd4 Nc6 12. Nxe6 Qxd1+ 13. Nxd1 fxe6 14. Bd2 e5 15. f3 {½-½ (58) Aronian,L (2765)-Vachier Lagrave,M (2781) London 2018}) 9... Nc6 {White has an edge.} 10. Be3 g6 $146 ({Predecessor:} 10... Ned4 11. Nb5 a6 12. Nbxd4 cxd4 13. Bf4 e6 14. a3 Bd6 15. Bg3 {½-½ (38) Kveinys,A (2535)-Jumabayev,R (2603) Tegernsee 2017}) 11. Bxe6 Bxe6 12. d4 cxd4 13. Nxd4 Nxd4 14. Bxd4 f6 15. Qa4+ Kf7 16. Rd1 {Bxf6! is the strong threat.} Qc8 17. Be3 Qc4+ 18. Qxc4 Bxc4+ 19. Kg1 Bg7 20. f3 Rhd8 21. Kf2 f5 22. exf5 gxf5 23. Rxd8 Rxd8 24. Rd1 Rxd1 25. Nxd1 $15 {[%mdl 4096] Endgame KBB-KBN} b6 26. a3 e5 27. g3 Bf8 28. Nc3 Bd6 29. f4 Ke6 30. fxe5 Bxe5 31. Bf4 Bf6 32. Ke3 b5 33. Kd2 a5 {[%cal Ba7a5,Ba5a4][%mdl 32]} 34. b3 (34. Bc7 $15) 34... Bxb3 $17 35. Nxb5 {[#]} Kd5 $1 36. Nd6 Be7 37. Nxf5 Bxa3 38. Kc3 a4 39. Nd4 Bd1 40. Nb5 Be7 41. Kd3 {And now Nc3+ would win.} Bb3 {White must now prevent ...Bc4+.} 42. Nc3+ {[#]} Kc6 $1 43. Ne2 {intending Nd4+.} Bf7 44. Be5 a3 45. Bd4 Kb5 46. Kc2 $2 (46. Nf4) 46... Kc4 $19 {Threatens to win with ...Bg6+.} 47. Bg7 Bg6+ 48. Kc1 Bd3 49. Nf4 Be4 {aiming for ...Bb4.} 50. Kd2 $2 (50. Ne2) 50... Bb4+ {Black is clearly winning.} 51. Kc1 Bc3 52. Bxc3 Kxc3 53. Ne2+ Kd3 54. Nf4+ Kc4 55. Ne2 Bd3 {Accuracy: White = 42%, Black = 77%.} 0-1

[Event "Chinese Chess League 2019"]
[Site "Shen Yang"]
[Date "2019.11.22"]
[Round "17.12"]
[White "Yu, Yangyi"]
[Black "Bai, Jinshi"]
[Result "1-0"]
[WhiteElo "2753"]
[BlackElo "2600"]
[Annotator "TA"]
[PlyCount "103"]
[EventDate "2019.04.09"]
[EventType "team-tourn"]
[EventCountry "CHN"]
[SourceTitle "playchess.com"]
[Source "ChessBase"]
[SourceQuality "1"]

{[%evp 15,103,48,35,28,27,25,23,17,27,19,15,22,19,19,21,22,29,22,20,15,23,26,41,3,10,0,0,0,0,0,8,0,0,0,0,0,0,0,0,0,0,0,0,2,8,0,0,0,0,0,2,0,6,0,0,0,0,0,0,0,0,0,0,0,0,0,0,0,7,7,16,0,23,17,70,77,227,227,29977,29978,29985,29986,29988,29989,29989,29990,29990,29991,29991,29975]} 1. e4 e5 2. Nf3 Nf6 3. Nxe5 d6 4. Nf3 Nxe4 5. d4 d5 6. Bd3 Be7 7. O-O O-O 8. Re1 Bf5 9. Nbd2 {[%cal Rd2e4,Bb1d2,Bd2f1,Bf1e3][%mdl 32] C42: Petroff Defence: 3 Nxe5 and unusual White 3rd moves} Nd6 10. Nf1 $146 ({Predecessor:} 10. Bxf5 Nxf5 11. Nf1 c6 12. Qd3 Nd6 {½-½ (31) Anand,V (2767)-Yu,Y (2738) Stavanger 2019}) 10... c6 11. Bf4 {[#] Threatens to win with Bxd6.White has an edge.} Bxd3 12. Qxd3 Na6 13. Ne3 Nc7 14. Re2 Ne6 15. Bxd6 Bxd6 16. g3 Qd7 17. Rae1 Rfe8 18. h4 Nc7 19. b3 f6 20. c4 Bb4 21. Ra1 Bf8 22. Rae1 Bb4 23. Rb1 a5 24. Kg2 Rad8 25. h5 b6 26. Rh1 Re6 27. Nc2 Rxe2 28. Qxe2 Qe6 29. Ne3 c5 30. Rd1 dxc4 31. dxc5 Rxd1 32. Qxd1 Bxc5 33. Qd8+ Ne8 $132 {[%mdl 2048] Black has counterplay} 34. Nxc4 g5 35. hxg6 hxg6 36. Nb2 g5 37. Nd3 Qe4 {Strongly threatening ...g4.} 38. Kg1 Bd6 39. Nd2 Qxd3 40. Qxe8+ Kg7 41. Ne4 {Hoping for Qd7+.} Bc5 42. Qe6 Qd4 43. a4 Qb2 44. Kg2 Bd4 ({Better is} 44... Qd4 $11) 45. Kf3 $14 {aiming for Qe7+.} Bc5 {[#]} (45... Be5 $16) 46. Kg4 $1 $18 Bxf2 $2 (46... Qd4 $18 47. Kf5 Qd8) 47. Kh5 {White mates.} Qe2+ 48. g4 Bc5 49. Qxf6+ Kg8 50. Qe6+ Kg7 51. Qe5+ Kf8 52. Nxc5 {Accuracy: White = 77%, Black = 64%.} 1-0

[Event "Chinese Chess League 2019"]
[Site "Shen Yang"]
[Date "2019.11.22"]
[Round "17.13"]
[White "Li, Chao b"]
[Black "Ma, Qun"]
[Result "1-0"]
[WhiteElo "2687"]
[BlackElo "2629"]
[Annotator "TA"]
[PlyCount "125"]
[EventDate "2019.04.09"]
[EventType "team-tourn"]
[EventCountry "CHN"]
[SourceTitle "playchess.com"]
[Source "ChessBase"]
[SourceQuality "1"]

{[%evp 20,125,9,0,14,0,0,-9,22,22,24,18,20,22,30,30,81,83,165,169,157,165,146,72,79,72,108,108,93,109,106,99,130,125,193,199,200,180,204,195,194,188,276,264,268,260,262,116,93,88,96,93,251,170,141,114,120,114,127,119,129,113,106,107,114,111,95,96,127,139,166,138,176,167,191,200,193,174,182,183,377,362,380,380,380,380,345,329,328,320,686,686,757,682,662,666,663,656,4935,4935,4627,4586,4132,1526,4614,1027,952,800]} 1. d4 d5 2. c4 e6 3. Nc3 Nf6 4. Bg5 Be7 5. e3 h6 6. Bh4 O-O 7. Rc1 b6 8. cxd5 Nxd5 9. Nxd5 exd5 10. Bxe7 Qxe7 11. Ne2 Rd8 {D54: Queen's Gambit Declined: 4 Bg5 Be7: Lines without Nf3} 12. Nf4 c5 13. Be2 Bb7 {The position is equal.} (13... Nc6 14. O-O c4 15. Bf3 Be6 16. Re1 Qd6 17. Nxe6 Qxe6 18. e4 Qf6 19. exd5 Nxd4 20. Rxc4 Nxf3+ 21. Qxf3 Qxf3 22. gxf3 Rxd5 {½-½ (30) Vachier Lagrave,M (2757)-Sargissian,G (2690) Douglas 2014}) 14. O-O c4 15. Bf3 Rd6 $146 ({Predecessor:} 15... b5 16. b3 Rd6 17. Qd2 Bc6 18. Rfe1 Nd7 19. a4 bxa4 20. bxc4 dxc4 21. Bxc6 Rxc6 {1-0 (44) Yuferov,S-Litvinov,V Minsk 1973}) 16. Qa4 Bc6 17. Qa3 Kf8 (17... Qc7 $11) 18. Rfe1 $16 f5 (18... Rd8 $16) 19. b3 b5 20. bxc4 bxc4 21. Qa5 (21. Bh5 $142 $1) 21... Qd7 22. Rb1 Kf7 23. Rb2 g5 24. Nh5 Qd8 25. Qa3 $36 {[%mdl 2048] Black is under strong pressure.} Qe7 26. Ng3 Rf6 (26... Qf8 $16 {keeps fighting.} 27. Reb1 (27. Nxf5 Rf6 $16) 27... Nd7) 27. Qa5 $18 Qd6 28. Nh5 Re6 29. g4 Nd7 30. Ng3 $1 ({Don't take} 30. gxf5 $6 Re7 $16) 30... fxg4 (30... Nf6 {was necessary.}) 31. Bxg4 Rf6 32. e4 $1 {[%cal Re4e5]} dxe4 33. Nxe4 (33. d5 $1 $18 {[%cal Rd5c6]} Qe5 34. Nxe4 Qxd5 35. Qxd5+ Bxd5 36. Bxd7) 33... Bxe4 $16 34. Rxe4 {Rb7 is the strong threat.} Kg8 35. Rbe2 Kh8 $2 (35... Nf8 $16) 36. Qc3 Raf8 37. Qxc4 Nb6 38. Qc5 Nd5 {And now ...Qxc5 would win.} 39. Re8 Rxe8 40. Rxe8+ Kg7 41. Qxa7+ Rf7 {[#]} 42. Qb8 $1 {[%cal Rb8d6]} Qxb8 43. Rxb8 {[%mdl 4096] Endgame Strongly threatening Be6. KRB-KRN} Rf4 44. h3 Nf6 45. Rb7+ Kg6 {[#]} 46. Bd1 $1 Rxd4 47. Bc2+ Kh5 48. a4 {[%cal Ba2a4,Ba4a5,Ba5a6][%mdl 32]} Rc4 49. Bb3 Rc1+ $2 (49... Rc5 50. Rg7 Nd5) 50. Kg2 $18 g4 51. hxg4+ Kxg4 52. a5 Kf5 53. Rb5+ Kg6 54. Rb4 Rc7 $2 (54... Rc6 55. Ra4 Ra6) 55. a6 {White is clearly winning.} Ra7 56. Bc2+ Kg5 57. Rb5+ Kg4 58. Bd3 h5 59. Be2+ Kf4 60. Rb7 Ra8 61. a7 h4 62. Rf7 Ke5 63. Bf3 {Accuracy: White = 79%, Black = 43%.} 1-0

[Event "Chinese Chess League 2019"]
[Site "Shen Yang"]
[Date "2019.11.22"]
[Round "17.14"]
[White "Girya, Olga"]
[Black "Wang, Yu A."]
[Result "1/2-1/2"]
[WhiteElo "2476"]
[BlackElo "2275"]
[Annotator "ChessBase"]
[PlyCount "90"]
[EventDate "2019.04.09"]
[EventType "team-tourn"]
[EventCountry "CHN"]
[SourceTitle "playchess.com"]
[Source "ChessBase"]
[SourceQuality "1"]
[TimeControl "5400+30"]

1. d4 {[%emt 0:00:00]} d5 {[%emt 0:00:00]} 2. c4 {[%emt 0:00:00]} Bf5 {[%emt 0:00:00]} 3. cxd5 {[%emt 0:00:39]} Bxb1 {[%emt 0:00:00]} 4. Qa4+ {[%emt 0:01:03]} c6 {[%emt 0:00:17]} 5. Rxb1 {[%emt 0:00:06]} Qxd5 {[%emt 0:00:10]} 6. Nf3 {[%emt 0:03:52]} Nd7 {[%emt 0:04:02]} 7. a3 {[%emt 0:14:51]} Qf5 {[%emt 0:04:19]} 8. Ra1 {[%emt 0:02:02]} e5 {[%emt 0:00:31]} 9. Nxe5 {[%emt 0:08:28]} Nxe5 {[%emt 0:01:16]} 10. dxe5 {[%emt 0:00:05]} Qxe5 {[%emt 0:04:30]} 11. Qf4 {[%emt 0:01:45]} Bd6 {[%emt 0:05:13]} 12. Qxe5+ {[%emt 0:00:04]} Bxe5 {[%emt 0:00:01]} 13. e3 {[%emt 0:03:53]} Nf6 {[%emt 0:06:10]} 14. Bc4 {[%emt 0:06:30]} O-O {[%emt 0:10:00]} 15. Ke2 {[%emt 0:00:42]} Rad8 {[%emt 0:01:18]} 16. Rb1 {[%emt 0:07:35]} Rfe8 {[%emt 0:08:01]} 17. a4 {[%emt 0:08:40]} h5 {[%emt 0:11:35]} 18. Bd2 {[%emt 0:07:48]} Ng4 {[%emt 0:09:42]} 19. Bc3 {[%emt 0:04:32]} Rd6 {[%emt 0:08:37]} 20. h3 {[%emt 0:03:13]} Bxc3 {[%emt 0:03:27]} 21. bxc3 {[%emt 0:05:12]} Ne5 {[%emt 0:00:15]} 22. Bb3 {[%emt 0:01:40]} Red8 {[%emt 0:02:30]} 23. Rhd1 {[%emt 0:00:16]} Rxd1 {[%emt 0:00:26]} 24. Bxd1 {[%emt 0:00:12]} b6 {[%emt 0:00:15]} 25. Bb3 {[%emt 0:00:55]} Kf8 {[%emt 0:01:51]} 26. f4 {[%emt 0:02:01]} Nd7 {[%emt 0:07:25]} 27. e4 {[%emt 0:03:42]} Ke7 {[%emt 0:01:54]} 28. Ke3 {[%emt 0:00:49]} f6 {[%emt 0:02:44]} 29. h4 {[%emt 0:02:01]} Nc5 {[%emt 0:01:27]} 30. Bc2 {[%emt 0:00:02]} g5 {[%emt 0:01:14]} 31. hxg5 {[%emt 0:03:12]} fxg5 {[%emt 0:00:01]} 32. g3 {[%emt 0:01:13]} Rg8 {[%emt 0:02:44]} 33. Rh1 {[%emt 0:01:02]} gxf4+ {[%emt 0:00:11]} 34. gxf4 {[%emt 0:00:08]} Rg3+ {[%emt 0:00:29]} 35. Kd2 {[%emt 0:00:44]} Rg2+ {[%emt 0:00:38]} 36. Kc1 {[%emt 0:00:12]} Rg4 {[%emt 0:00:58]} 37. Rxh5 {[%emt 0:02:16]} Rxf4 {[%emt 0:00:01]} 38. a5 {[%emt 0:00:14]} Ke6 {[%emt 0:01:23]} 39. axb6 axb6 {[%emt 0:00:01]} 40. e5 {[%emt 0:03:50]} Rf1+ {[%emt 0:00:51]} 41. Kd2 {[%emt 0:00:22]} Rf2+ {[%emt 0:00:01]} 42. Kd1 {[%emt 0:00:29]} Rf3 {[%emt 0:00:43]} 43. Kd2 {[%emt 0:01:48]} Rf2+ {[%emt 0:00:02]} 44. Kd1 {[%emt 0:00:14]} Rf3 {[%emt 0:00:01]} 45. Kd2 {[%emt 0:00:10]} Kd5 {[%emt 0:00:18]} 1/2-1/2

[Event "Chinese Chess League 2019"]
[Site "Shen Yang"]
[Date "2019.11.22"]
[Round "17.15"]
[White "Gu, Tianlu"]
[Black "Song, Yuxin"]
[Result "1/2-1/2"]
[WhiteElo "2259"]
[BlackElo "2284"]
[Annotator "ChessBase"]
[PlyCount "60"]
[EventDate "2019.04.09"]
[EventType "team-tourn"]
[EventCountry "CHN"]
[SourceTitle "playchess.com"]
[Source "ChessBase"]
[SourceQuality "1"]
[TimeControl "5400+30"]

1. e4 {[%emt 0:00:00]} c5 {[%emt 0:00:00]} 2. Nf3 {[%emt 0:00:00]} d6 {[%emt 0:00:00]} 3. d4 {[%emt 0:00:00]} cxd4 {[%emt 0:00:00]} 4. Nxd4 {[%emt 0:00:02]} Nf6 {[%emt 0:00:00]} 5. Nc3 {[%emt 0:00:09]} a6 {[%emt 0:00:00]} 6. g3 {[%emt 0:00:29]} e5 {[%emt 0:00:06]} 7. Nde2 {[%emt 0:00:11]} Be7 {[%emt 0:00:07]} 8. Bg2 {[%emt 0:00:20]} O-O {[%emt 0:00:11]} 9. O-O {[%emt 0:00:15]} b5 {[%emt 0:00:07]} 10. Nd5 {[%emt 0:00:15]} Nbd7 {[%emt 0:00:07]} 11. Nec3 {[%emt 0:00:25]} Nb6 {[%emt 0:00:07]} 12. Nxb6 {[%emt 0:00:32]} Qxb6 {[%emt 0:00:07]} 13. Bg5 {[%emt 0:00:30]} Be6 {[%emt 0:00:08]} 14. Bxf6 {[%emt 0:04:39]} Bxf6 {[%emt 0:00:06]} 15. Nd5 {[%emt 0:02:22]} Bxd5 {[%emt 0:00:07]} 16. Qxd5 {[%emt 0:00:05]} Rac8 {[%emt 0:00:09]} 17. Qb3 {[%emt 0:02:35]} Rc5 {[%emt 0:12:54]} 18. c3 {[%emt 0:11:45]} a5 {[%emt 0:05:01]} 19. a3 {[%emt 0:03:10]} Rb8 {[%emt 0:05:25]} 20. Rfd1 {[%emt 0:03:08]} Be7 {[%emt 0:09:50]} 21. Rd2 {[%emt 0:02:18]} b4 {[%emt 0:11:25]} 22. cxb4 {[%emt 0:12:02]} axb4 {[%emt 0:00:05]} 23. axb4 {[%emt 0:06:27]} Rb5 {[%emt 0:00:52]} 24. Ra4 {[%emt 0:00:10]} Rxb4 {[%emt 0:00:29]} 25. Rxb4 {[%emt 0:00:05]} Qxb4 {[%emt 0:00:09]} 26. Qxb4 {[%emt 0:00:06]} Rxb4 {[%emt 0:00:10]} 27. f3 {[%emt 0:00:09]} Bd8 {[%emt 0:01:54]} 28. Rxd6 {[%emt 0:08:25]} Bb6+ {[%emt 0:00:09]} 29. Kh1 {[%emt 0:00:26]} Rxb2 {[%emt 0:00:06]} 30. Rd1 {[%emt 0:01:22]} Bd4 {[%emt 0:00:04]} 1/2-1/2

[Event "Chinese Chess League 2019"]
[Site "Shen Yang"]
[Date "2019.11.22"]
[Round "17.16"]
[White "Zvjaginsev, Vadim"]
[Black "Liu, Yan"]
[Result "1-0"]
[WhiteElo "2626"]
[BlackElo "2516"]
[Annotator "RC"]
[PlyCount "89"]
[EventDate "2019.04.09"]
[EventType "team-tourn"]
[EventCountry "CHN"]
[SourceTitle "playchess.com"]
[Source "ChessBase"]
[SourceQuality "1"]
[TimeControl "5400+30"]

1. c4 {[%emt 0:00:00]} Nf6 {[%emt 0:00:31]} 2. Nc3 {[%emt 0:00:00]} e5 {[%emt 0:00:59]} 3. Nf3 {[%emt 0:00:02]} Nc6 {[%emt 0:00:18]} 4. a3 {[%emt 0:00:08]} d6 {[%emt 0:03:17]} 5. d3 {[%emt 0:03:20]} g6 {[%emt 0:01:32]} 6. g3 {[%emt 0:00:10]} Bg7 {[%emt 0:00:18]} 7. Bg2 {[%emt 0:00:04]} O-O {[%emt 0:00:26]} 8. O-O {[%emt 0:00:06]} a5 {[%emt 0:05:38]} 9. Rb1 {[%emt 0:00:47]} h6 {[%emt 0:02:07]} 10. b4 {[%emt 0:00:57]} axb4 {[%emt 0:03:57]} 11. axb4 {[%emt 0:00:16]} Be6 {[%emt 0:02:40]} 12. b5 {[%emt 0:00:24]} Ne7 {[%emt 0:00:53]} 13. Bb2 {[%emt 0:06:58]} Nd7 {[%emt 0:06:49]} 14. Ra1 {[%emt 0:07:49]} e4 {[%emt 0:07:45]} 15. Nd2 {[%emt 0:03:19]} exd3 {[%emt 0:00:20]} 16. exd3 {[%emt 0:00:56]} Nc5 {[%emt 0:00:44]} 17. Nb3 {[%emt 0:04:57]} Rxa1 {[%emt 0:11:38]} 18. Bxa1 {[%emt 0:00:10]} b6 {[%emt 0:00:51]} 19. Ne4 {[%emt 0:06:23]} Bxa1 {[%emt 0:09:50]} 20. Nbxc5 {[%emt 0:02:22]} Bd4 {[%emt 0:01:34]} 21. Nxe6 {[%emt 0:02:04]} fxe6 {[%emt 0:00:04]} 22. Qg4 {[%emt 0:01:31]} e5 {[%emt 0:00:42]} 23. h4 {[%emt 0:13:34]} Kg7 {[%emt 0:03:28]} 24. h5 {[%emt 0:00:00]} Qc8 {[%emt 0:04:51]} 25. Qxc8 {[%emt 0:00:00]} Rxc8 {[%emt 0:00:19]} 26. hxg6 {[%emt 0:00:00]} Nxg6 {[%emt 0:00:49]} 27. Nd2 {[%emt 0:01:37]} h5 {[%emt 0:04:30]} 28. Be4 {[%emt 0:02:47]} h4 {[%emt 0:02:48]} 29. Kg2 {[%emt 0:00:22]} Rf8 {[%emt 0:10:07]} 30. Nf3 {[%emt 0:01:32]} Rf6 {[%emt 0:04:21]} 31. Nxd4 {[%emt 0:12:46]} exd4 {[%emt 0:00:15]} 32. Bxg6 {[%emt 0:00:33]} Kxg6 {[%emt 0:04:26]} 33. gxh4 {[%emt 0:01:28]} Rf5 {[%emt 0:01:47]} 34. Kg3 {[%emt 0:08:08]} d5 {[%emt 0:01:17]} 35. Rd1 {[%emt 0:01:27]} Re5 {[%emt 0:01:29]} 36. Kg4 {[%emt 0:03:01]} Re2 {[%emt 0:01:45]} 37. f4 {[%emt 0:03:04]} Rc2 {[%emt 0:02:36]} 38. cxd5 {[%emt 0:00:43]} Rc5 {[%emt 0:00:01]} 39. f5+ {[%emt 0:02:46]} Kf6 {[%emt 0:01:17]} 40. h5 {[%emt 0:00:51]} Rxb5 {[%emt 0:00:22]} 41. Rc1 {[%emt 0:01:15]} Rxd5 {[%emt 0:00:29]} 42. Rc6+ {[%emt 0:00:44]} Rd6 {[%emt 0:00:33]} 43. Rxd6+ {[%emt 0:00:32]} cxd6 {[%emt 0:00:03]} 44. h6 {[%emt 0:00:03]} b5 {[%emt 0:00:15]} 45. Kf3 {[%emt 0:00:04]} 1-0

[Event "Chinese Chess League 2019"]
[Site "Shen Yang"]
[Date "2019.11.22"]
[Round "17.17"]
[White "Lu, Shanglei"]
[Black "Zhou, Weiqi"]
[Result "1/2-1/2"]
[WhiteElo "2611"]
[BlackElo "2587"]
[Annotator "TA"]
[PlyCount "66"]
[EventDate "2019.04.09"]
[EventType "team-tourn"]
[EventCountry "CHN"]
[SourceTitle "playchess.com"]
[Source "ChessBase"]
[SourceQuality "1"]

{[%evp 24,66,64,69,64,73,66,53,71,71,56,5,7,0,0,0,0,0,0,0,0,0,0,0,0,0,0,0,0,0,0,0,0,0,0,0,0,0,0,0,0,0,0,0,0]} 1. e4 c5 2. Nf3 Nc6 3. d4 cxd4 4. Nxd4 Nf6 5. Nc3 d6 6. Bg5 Bd7 7. Qd2 Rc8 8. f4 Nxd4 9. Qxd4 Qa5 10. e5 dxe5 11. fxe5 e6 12. O-O-O Bc6 13. Nb5 $1 Bxb5 {B61: Sicilian: Richter-Rauzer: 6...Bd7 7 Qd2} 14. exf6 Bc6 15. h4 $1 g6 {White is slightly better.} 16. Bc4 Bc5 17. Qg4 (17. Qe5 $14 Bb4 18. Qe2) 17... h5 $132 {[%mdl 2048] The position is equal. Black is not keeping still} 18. Qe2 O-O 19. Rhf1 Bb4 {[#] Strongly threatening ...Bb5!} 20. Bh6 {[#]} Rfd8 $146 {White must now prevent ...Rxd1+.} ({Predecessor:} 20... Rfe8 21. Kb1 Bxg2 22. Qxg2 Rxc4 23. Qxg6+ {1-0 (23) Almasi,Z (2640)-Miroshnichenko,E (2520) Ohrid 2001}) 21. a3 Rxd1+ 22. Rxd1 {Bxe6 is the strong threat.} Bxa3 23. bxa3 Qxa3+ 24. Kb1 {aiming for Bc1.} Qb4+ 25. Ka2 Be4 26. Qxe4 (26. Bb3 Bxc2 27. Qxc2 (27. Bxc2 $2 Rc5 $17) 27... Rxc2+ 28. Bxc2 Qc3 $17) 26... Rxc4 (26... Rc5 $5 27. Rd5 $8 (27. Rd8+ $2 Kh7 $19) 27... Qa4+ 28. Kb2 Rxc4 29. Rd8+ {[%mdl 64] Discovered Attack} Kh7 $11) 27. Rd8+ $1 Kh7 {[#]} 28. Bg7 $1 {[%csl Gg7][%cal Rd8h8][%mdl 512]} Qa5+ (28... Rxe4 29. Rh8#) 29. Kb1 {[%csl Gg7][%cal Rd8h8]} Qb4+ (29... Rxe4 30. Rh8#) 30. Kc1 {[%csl Gg7][%cal Rd8h8]} Qa3+ (30... Rxe4 31. Rh8#) 31. Kd2 {[%csl Gg7][%cal Rd8h8]} Qc3+ ({And not} 31... Rxe4 32. Rh8#) 32. Kc1 {[%csl Gg7][%cal Rd8h8]} Qa1+ ({Not} 32... Rxe4 33. Rh8#) 33. Kd2 {[%csl Gg7][%cal Rd8h8]} Qc3+ {Accuracy: White = 86%, Black = 98%.} ({Stronger than} 33... Rxe4 34. Rh8#) 1/2-1/2